1473 1546 1891 1466 1643 1290 1736 1451 1133 1398 1070 1980 1133 1057 1902 1800 1078 1995 1727 1271 1632 1008 1743 1275 1908 1446 1509 1981 1960 1030 1253 1236 1176 1301 1691 1271 1133 1691 1739 1752 1638 1623 1623 1790 1643 1445 1650 1227 1912 1729 1100 1925 1279 1109 1581 1664 1059 1366 1891 1266 1976 1428 1392 1452 1183 1906 1180 1518 1446 1479 1488 1246 1429 1231 1768 1854 1207 1370 1938 1903 1002 1405 1639 1644 1549 1112 1266 1586 1971 1015 1313 1483 1151 1119 1675 1209 1830 1862 1536 BCNSPRNW ULIB Ver.6.0+V

เปลี่ยนเป็นภาษาไทย

Change to English
 แสดงรายละเอียดบรรณานุกรม
  กลับหน้าหลัก

Brief Record : Get Marc (ISO 2709) : E-mail record : QR code < ปิดหน้าต่าง
LEADER : 00000nam 2200000uu 4500
001    13399111802
003     ULIB
008    110708s2550||||th 000 0 tha d
020    9789741357857
050  4 DS570.4^bส882พ 2550
100 0  สุวิสุทธิ์
245 10 พระพี่--ในพระราชหฤทัยสามดวงใจแห่งความผูกพัน /^cสุวิสุทธิ์
246 14 พระพี่ในพระราชหฤทัยสามดวงใจแห่งความผูกพัน
246 30 พระพี่...ในพระราชหฤทัยสามดวงใจแห่งความผูกพัน
250    พิมพ์ครั้งที่ 1
260    กรุงเทพฯ :^bกรีน-ปัญญาญาณ,^c2550
300    161, [6] หน้า :^bภาพประกอบ ;^c21 ซม.
500    ชื่อเรื่องบนปก: พระพี่ในพระราชหฤทัยสามดวงใจแห่งความผูกพัน
600 07 กัลยาณิวัฒนา กรมหลวงนราธิวาสราชนครินทร์,^cสมเด็จพระเจ้าพี่นางเธอ เจ้าฟ้า,^d2466-2551
650  4 ชีวประวัติ
945    ^p150^l0^i023331
995    ทศพร
999 ^a ใช้งานได้ทุกระบบ
รายการนี้ยังไม่มีแท็ก
คุณยังไม่ได้ล็อกอิน คุณสามารถมีกิจกรรมร่วมกับเว็บไซต์ได้ แต่ต้องล็อกอินก่อน ::
  ล็อกอิน

รายการสื่อสารสนเทศ

ลำดับที่ ประเภท เลขเรียก/บาร์โค้ด สถานที่ สถานะ
- ไม่พบข้อมูล -

รายการใกล้เคียง
    ผู้แต่ง [สุวิสุทธิ์]

    หัวเรื่อง [ชีวประวัติ]

BibComment


ยังไม่เคยถูกคอมเมนท์

คอมเมนท์ทรัพยากรรายการนี้
  คอมเมนท์: พระพี่ในพระราชหฤท..


 Copyright 2026. Bcnsprnw @Library